Catálogo público

Los hijos de la tierra / (Record no. 177144)

MARC details
000 -CABECERA
campo de control de longitud fija 01486nam a2200373Ia 4500
001 - NÚMERO DE CONTROL
campo de control dia_5979
003 - IDENTIFICADOR DEL NÚMERO DE CONTROL
campo de control CHAP
005 - FECHA Y HORA DE LA ÚLTIMA TRANSACCIÓN
campo de control 20251021161816.0
008 - DATOS DE LONGITUD FIJA--INFORMACIÓN GENERAL
campo de control de longitud fija 220117s1980 xx 000 0 und d
010 ## - NÚMERO DE CONTROL DE LA BIBLIOTECA DEL CONGRESO
Número de control de LC 177144
020 ## - NÚMERO INTERNACIONAL ESTÁNDAR DEL LIBRO
Número Internacional Estándar del Libro 978-607-400-434-2 (v.1) \ 978-607-400-435-9 (v.2) \ 978-607-400-513-4 (v.3) \ 978-607-400-514-1 (v.4) \ 978-607-400-548-6 (v.5)
040 ## - FUENTE DE LA CATALOGACIÓN
Centro/agencia transcriptor CHAP
082 ## - NÚMERO DE LA CLASIFICACIÓN DECIMAL DEWEY
Número de clasificación 808.838762 A94 H55 1980
100 ## - ENTRADA PRINCIPAL--NOMBRE DE PERSONA
Nombre de persona Auel, Jean M.
9 (RLIN) 160315
245 ## - MENCIÓN DE TÍTULO
Título Los hijos de la tierra /
Mención de responsabilidad, etc. Jean M. Auel ; traducción Leonor Tejada Conde-Pelayo
260 ## - PUBLICACIÓN, DISTRIBUCIÓN, ETC.
Lugar de publicación, distribución, etc. México :
Nombre del editor, distribuidor, etc. Océano,
Fecha de publicación, distribución, etc. 1980
300 ## - DESCRIPCIÓN FÍSICA
Extensión 6 v.
440 ## - MENCIÓN DE SERIE/PUNTO DE ACCESO ADICIONAL--TÍTULO
Título Océano exprés : Maeva
9 (RLIN) 160316
500 ## - NOTA GENERAL
Nota general Título original: Earth's children
503 ## - NOTA DE HISTORIA BIBLIOGRÁFICA (BK CF MU) [OBSOLETO]
Nota de historia bibliográfica C. \ D. (v.2)
505 ## - NOTA DE CONTENIDO CON FORMATO
Nota de contenido con formato v.El clan del oso cavernario \ v.2. El valle de los caballos \ v.3. Los cazadores de mamuts \ v.4. Las llanuras del tránsito \ v.5. Los refugios de piedra \ v.6. La tierra de las cuevas pintadas
590 ## - NOTA LOCAL (RLIN)
Nota local PS3551.U36 H55 1980
650 #0 - PUNTO DE ACCESO ADICIONAL DE MATERIA--TÉRMINO DE MATERIA
Término de materia o nombre geográfico como elemento de entrada American literature
Subdivisión cronológica 20th century
9 (RLIN) 153260
650 ## - PUNTO DE ACCESO ADICIONAL DE MATERIA--TÉRMINO DE MATERIA
Término de materia o nombre geográfico como elemento de entrada Fiction
9 (RLIN) 152751
650 ## - PUNTO DE ACCESO ADICIONAL DE MATERIA--TÉRMINO DE MATERIA
Término de materia o nombre geográfico como elemento de entrada Hombre prehistórico
Subdivisión general Novela
9 (RLIN) 160317
650 #0 - PUNTO DE ACCESO ADICIONAL DE MATERIA--TÉRMINO DE MATERIA
Término de materia o nombre geográfico como elemento de entrada Literatura americana
Subdivisión cronológica Siglo XX
9 (RLIN) 153261
650 ## - PUNTO DE ACCESO ADICIONAL DE MATERIA--TÉRMINO DE MATERIA
Término de materia o nombre geográfico como elemento de entrada Man, Prehistoric
Subdivisión general Fiction
9 (RLIN) 160318
650 ## - PUNTO DE ACCESO ADICIONAL DE MATERIA--TÉRMINO DE MATERIA
Término de materia o nombre geográfico como elemento de entrada Novela
9 (RLIN) 82011
700 ## - PUNTO DE ACCESO ADICIONAL--NOMBRE DE PERSONA
Nombre de persona Tejeda Conde-Pelayo, Leonor, tr.
9 (RLIN) 160319
901 ## - ELEMENTOS DE DATOS A LOCAL LDA (RLIN)
a 808.838762 A94 H55 1980
902 ## - ELEMENTOS DE DATOS B LOCAL, LDB (RLIN)
a M
905 ## - ELEMENTOS DE DATOS E LOCAL, LDE (RLIN)
a 5222271980 mx b 9222223332spa16
942 ## - ELEMENTOS DE PUNTO DE ACCESO ADICIONAL (KOHA)
Tipo de ítem Koha Libro
Fuente del sistema de clasificación o colocación Dewey Decimal Classification
Holdings
Estado de retiro Estado de pérdida Fuente del sistema de clasificación o colocación Estado dañado No para préstamo Código de colección Localización permanente Ubicación/localización actual Ubicación en estantería Fecha de adquisición Información codificada de la localización en otra ubicación Enumeración/cronología de publicación seriada Total de préstamos Código de barras Fecha visto por última vez Número de copia Precio válido a partir de Tipo de ítem Koha Fecha del último préstamo
    Dewey Decimal Classification     General Ingenieria Agroindustrial Ingenieria Agroindustrial   18/01/2022 1 Volumen: 2   dia_010763 18/01/2022 1 18/01/2022 Libro  
    Dewey Decimal Classification     General Ingenieria Agroindustrial Ingenieria Agroindustrial   18/01/2022 1 Volumen: 1 1 dia_009421 19/04/2024 1 18/01/2022 Libro 05/04/2024
    Dewey Decimal Classification     General Ingenieria Agroindustrial Ingenieria Agroindustrial   18/01/2022 1 Volumen: 3   dia_009422 18/01/2022 1 18/01/2022 Libro  
    Dewey Decimal Classification     General Ingenieria Agroindustrial Ingenieria Agroindustrial   18/01/2022 1 Volumen: 4   dia_009423 18/01/2022 1 18/01/2022 Libro  
    Dewey Decimal Classification     General Ingenieria Agroindustrial Ingenieria Agroindustrial   18/01/2022 1 Volumen: 5   dia_009424 18/01/2022 1 18/01/2022 Libro